000 00354nam a2200121 i 4500
001 bg
245 0 _aOchrona człowieka w procesie pracy w aspekcie problemów ergonomicznych :
_bmateriały konferencyjne, Częstochowa 1981.
260 _aCzęstochowa,
_c1981.
040 _cBPK
041 _apol
942 _cKS
008 s pl f |000 0 pol
999 _c1233
_d1233
856 _uhttp://koha.tu.koszalin.pl/cgi-bin/koha/opac-detail.pl?biblionumber=1233
_yKatalog online BPK